| 000 | 00846nam a2200169Ia 4500 | ||
|---|---|---|---|
| 008 | 151202s9999||||xx |||||||||||||| ||und|| | ||
| 082 | _bPNVM-76945 | ||
| 100 | _aगोडबोले माधव/अनु-गोडबोले सुजाता | ||
| 245 | _aहरवलेले सुशासन | ||
| 260 | _b"विश्वकर्मा प्रकाशन,२८३ बुधवार पेठ सिटी पोस्टाजवळ,पुणे -४११००२ " | ||
| 260 | _c462 | ||
| 600 | _aगोडबोले माधव/अनु-गोडबोले सुजाता | ||
| 630 | _aहरवलेले सुशासन | ||
| 700 | _aगोडबोले माधव/अनु-गोडबोले सुजाता | ||
| 730 | _aहरवलेले सुशासन | ||
| 942 | _cBOOK | ||
| 999 |
_c1343604 _d1343601 |
||